All Monster Zero Ultra Flavors - Statistics

General Stats
  • This quiz has been taken 29 times
  • The average score is 8 of 14
Answer Stats
Answer % Correct
Zero Ultra
93%
Ultra Blue
78%
Ultra Sunrise
70%
Ultra Black
63%
Ultra Fiesta Mango
63%
Ultra Red
63%
Ultra Violet
63%
Ultra Strawberry Dreams
59%
Ultra Peachy Keen
56%
Ultra Paradise
44%
Ultra Rosa
44%
Ultra Gold
33%
Ultra Watermelon
30%
Ultra Fantasy Ruby Red
26%
No matching quizzes found
Score Distribution
Percent of People with Each Score
Percentile by Number Answered
Your Score History
You have not taken this quiz